| 000 | 00717nam a2200193 i 4500 | ||
|---|---|---|---|
| 001 | 132683 | ||
| 003 | ES-MaACL | ||
| 005 | 20230906194227.0 | ||
| 007 | t| | ||
| 008 | 070214s1931 sp r ||||1| spa d | ||
| 100 | 1 |
_aCastillo, Abel Romeo. _936666 |
|
| 245 | 1 | 4 |
_aLos gobernadores de Guayaquil del siglo XVIII : _b(notas para la historia de la ciudad durante los años de 1763-1803) / _cAbel Romeo Castillo ; prólogo de Rafael Altamira. |
| 260 |
_aMadrid : _b[s.n.], _c1931 ( _fImp. de Galo Sáez) |
||
| 300 |
_aXII, 382 p. : _bil. ; _c25 cm. |
||
| 651 | 4 |
_aGuayaquil (Ecuador)- _xHistoria. _9173360 |
|
| 700 | 1 |
_aAltamira, Rafael, _d1866-1951 _920515 |
|
| 852 |
_aES-MaACL _jA-319 |
||
| 999 |
_c132683 _d132683 |
||